Music Quiz

Random Music Quiz

'Notes Part 1' - The Phantom Of The Opera Quiz Stats

 Plays Quiz not verified by Sporcle

Challenge
Share
Tweet
Embed
Score 0/250 Timer 09:00
0 Plays Today
% Correct
a
97.1%
a
97.1%
a
97.1%
a
97.1%
a
97.1%
a
97.1%
a
97.1%
a
97.1%
a
97.1%
a
97.1%
a
97.1%
a
97.1%
the
92.9%
the
92.9%
the
92.9%
the
92.9%
the
92.9%
the
92.9%
the
92.9%
the
92.9%
the
92.9%
no
91.4%
No
91.4%
We
87.1%
we
87.1%
we
87.1%
We
87.1%
It
85.7%
of
85.7%
Christine.
85.7%
and
85.7%
and
85.7%
is
85.7%
And
85.7%
is
85.7%
it
85.7%
Christine
85.7%
it
85.7%
of
85.7%
of
85.7%
is
85.7%
of
85.7%
is
85.7%
is
85.7%
in
84.3%
Have
84.3%
have
84.3%
have
84.3%
have
84.3%
in
84.3%
have
84.3%
In
84.3%
on
82.9%
to
82.9%
To
82.9%
to
82.9%
you
82.9%
On
82.9%
you
82.9%
to
82.9%
To
82.9%
not
81.4%
it's
80%
What
80%
It's
80%
what
80%
so
80%
it's
80%
It's
80%
What
80%
Carlotta
78.6%
Opera!
78.6%
Carlotta
78.6%
My
78.6%
my
78.6%
he?
78.6%
Opera
78.6%
He
78.6%
he
78.6%
he
78.6%
are
75.7%
This
75.7%
Andre
75.7%
Andre
75.7%
% Correct
Andre
75.7%
are
75.7%
this?
75.7%
are
75.7%
cast
74.3%
but
74.3%
But
74.3%
cast!
74.3%
Dear
74.3%
cast
74.3%
Dear
74.3%
all
72.9%
first
72.9%
all
72.9%
now
71.4%
Still
71.4%
still
71.4%
one
71.4%
note
71.4%
one
71.4%
hell
70%
that
70%
hell
70%
say.
68.6%
your
68.6%
too.
68.6%
ghost
68.6%
Ghost!
68.6%
sold.
67.1%
weight
67.1%
with
67.1%
seen
67.1%
Send
67.1%
Who
67.1%
send
67.1%
with
67.1%
Who
67.1%
gala
65.7%
play.
65.7%
at
65.7%
worth
65.7%
gold.
65.7%
gala.
65.7%
was
65.7%
when
65.7%
When
65.7%
has
65.7%
been
65.7%
Mystery
64.3%
mystery
64.3%
news
64.3%
seats
64.3%
get
64.3%
don't
64.3%
you've
64.3%
got
64.3%
were
64.3%
salary
64.3%
you're
62.9%
they
62.9%
please
62.9%
seems
62.9%
charming
62.9%
paid.
62.9%
would
62.9%
Someone
62.9%
night.
61.4%
Mystified
61.4%
mystified
61.4%
least
61.4%
Gossip's
61.4%
me
61.4%
these
61.4%
crowd
61.4%
her.
61.4%
her
61.4%
gall
61.4%
These
61.4%
signed
61.4%
O.G.
61.4%
soprano's
60%
flight.
60%
Bad
60%
soprano's
60%
% Correct
Half
60%
cheers.
60%
out?
60%
shout!
60%
Just
60%
post.
60%
P.T.O.
60%
brain.
60%
says
58.6%
suspect
58.6%
foul
58.6%
scene
58.6%
disappears
58.6%
publicity!
58.6%
publicity!
58.6%
left.
58.6%
Firmin.
58.6%
reminder.
58.6%
likes
58.6%
scandal
57.1%
sure
57.1%
word
57.1%
hardly
57.1%
way
55.7%
Free
55.7%
return
55.7%
better
55.7%
if
55.7%
Damnable!
54.3%
damnable!
54.3%
bereft
54.3%
brief
54.3%
care
54.3%
by
54.3%
orders
54.3%
money!
54.3%
vast.
52.9%
obeyed!
52.9%
hit!
51.4%
Will
51.4%
queue?
51.4%
Ah
51.4%
papers
50%
business.
50%
walk
50%
take
50%
sublime.
50%
run
48.6%
past
48.6%
prime.
48.6%
wants
48.6%
our
47.1%
funny
47.1%
after
45.7%
disaster
45.7%
both
45.7%
debtor
44.3%
she's
42.9%
nothing
42.9%
expect
42.9%
Nothing
42.9%
Handel.
41.4%
must
41.4%
diva's
40%
position!
40%
addition
40%
short
38.6%
large
38.6%
Spare
37.1%
trials.
37.1%
puerile
37.1%
clearly
37.1%
unending
35.7%
seasons
35.7%
Gluck
34.3%
quite
34.3%
insane!
34.3%
mocking
32.9%
retainer.
32.9%
plainer
31.4%
shocking.
24.3%
apparition!
20%

You're not logged in!

Compare scores with friends on all Sporcle quizzes.
Join for Free
OR
Log In

You Might Also Like...

Show Comments

Extras

Top Quizzes Today


Score Distribution

Your Account Isn't Verified!

In order to create a playlist on Sporcle, you need to verify the email address you used during registration. Go to your Sporcle Settings to finish the process.

Report this User

Report this user for behavior that violates our Community Guidelines.

Details: